[Event "Titled Tuesday intern op 25th Apr Late"]
[Site "Chess.com INT"]
[Date "2023.04.25"]
[Round "5"]
[White "Mikhalsky, Vladimir"]
[Black "Aigner, Michael"]
[Result "1-0"]
[WhiteElo "2269"]
[BlackElo "1966"]
[PlyCount "85"]
[EventDate "2023.04.25"]
[EventType "swiss (blitz)"]
[EventRounds "11"]
[EventCountry "USA"]
[SourceTitle "EXT 2024"]
[Source "ChessBase"]
[SourceDate "2023.10.10"]
[SourceVersion "1"]
[SourceVersionDate "2023.10.10"]
[SourceQuality "1"]

1. d4 f5 2. Nc3 d5 3. Bg5 g6 4. h4 Bg7 5. h5 h6 6. Bf4 g5 7. Be5 Nf6 8. g4 c6 9. gxf5 Bxf5 10. Bh3 Qd7 11. e4 Bxh3 12. Nxh3 0-0 13. Bxf6 Bxf6 14. e5 Bg7 15. f4 g4 16. Nf2 Rxf4 17. Ne2 Rf7 18. Rg1 Na6 19. Nxg4 Kh8 20. Qd2 Qf5 21. 0-0-0 Raf8 22. Nxh6 Bxh6 23. Qxh6+ Rh7 24. Qg6 Nc7 25. Rg5 Qf7 26. Ng3 Rg8 27. Qxg8+ Qxg8 28. Rxg8+ Kxg8 29. Nf5 Kf7 30. Rf1 Ke6 31. h6 Ne8 32. Kd2 b6 33. Ke3 c5 34. b3 Nc7 35. c4 Kd7 36. Rg1 Ke6 37. Kf4 Ne8 38. Rg6+ Kd7 39. cxd5 cxd4 40. Nxd4 Nc7 41. Ke4 Ne8 42. Nf5 Nc7 43. Rg7 1-0

[Event "Titled Tuesday intern op 30th Aug Late"]
[Site "Chess.com INT"]
[Date "2022.08.30"]
[Round "6"]
[White "Aigner, Michael"]
[Black "Kashtanov, Ruslan"]
[Result "1-0"]
[WhiteElo "1940"]
[BlackElo "2376"]
[PlyCount "97"]
[EventDate "2022.08.30"]
[EventType "swiss (blitz)"]
[EventRounds "11"]
[EventCountry "USA"]
[SourceTitle "EXT 2023"]
[Source "ChessBase"]
[SourceDate "2022.10.05"]
[SourceVersion "1"]
[SourceVersionDate "2022.10.05"]
[SourceQuality "1"]

1. e4 c5 2. Nc3 e6 3. g3 Nc6 4. Bg2 g6 5. d3 Bg7 6. f4 d6 7. Nf3 Rb8 8. 0-0 Nge7 9. Be3 b5 10. e5 Nf5 11. Bf2 0-0 12. Ne4 dxe5 13. fxe5 c4 14. d4 h5 15. c3 Nce7 16. Qe2 Nd5 17. Nc5 g5 18. Nd2 g4 19. Nde4 b4 20. Rfc1 bxc3 21. bxc3 Qa5 22. Nd6 Nxd6 23. exd6 Qd8 24. Qxc4 Qxd6 25. Rab1 Rxb1 26. Rxb1 Nb6 27. Qe2 e5 28. Ne4 Qe7 29. Re1 exd4 30. cxd4 Bf5 31. Nc5 Qxe2 32. Rxe2 Rd8 33. Nb3 Be6 34. Rd2 Nc4 35. Rd1 Nb2 36. Rd2 Nc4 37. Rc2 Na3 38. Rc7 Nb5 39. Rb7 Nxd4 40. Nxd4 Bxd4 41. Bxd4 Rxd4 42. Rxa7 Rd1+ 43. Kf2 Rd2+ 44. Kg1 Bxa2 45. h4 gxh3 46. Bxh3 Kg7 47. Bf5 Kf6 48. Be4 Ke5 49. Bf3 1-0

[Event "Titled Tuesday intern op 30th Aug Late"]
[Site "Chess.com INT"]
[Date "2022.08.30"]
[Round "10"]
[White "Salman, Pavel"]
[Black "Aigner, Michael"]
[Result "1-0"]
[WhiteElo "2287"]
[BlackElo "1940"]
[PlyCount "35"]
[EventDate "2022.08.30"]
[EventType "swiss (blitz)"]
[EventRounds "11"]
[EventCountry "USA"]
[SourceTitle "EXT 2023"]
[Source "ChessBase"]
[SourceDate "2022.10.05"]
[SourceVersion "1"]
[SourceVersionDate "2022.10.05"]
[SourceQuality "1"]

1. Nf3 d5 2. g3 c6 3. Bg2 Bg4 4. 0-0 Nd7 5. d3 e5 6. h3 Bh5 7. Qe1 Ngf6 8. e4 dxe4 9. dxe4 Qc7 10. Nbd2 0-0-0 11. Nc4 Bc5 12. a4 Rhe8 13. b4 Bf8 14. a5 Bg6 15. Nh4 Kb8 16. Qe2 Ka8 17. Bd2 Nb8 18. Nb6+ 1-0

[Event "Titled Tuesday intern op 26th Apr Late"]
[Site "Chess.com INT"]
[Date "2022.04.26"]
[Round "3"]
[White "Aigner, Michael"]
[Black "Stearman, Josiah P"]
[Result "0-1"]
[WhiteElo "1985"]
[BlackElo "2388"]
[PlyCount "58"]
[EventDate "2022.04.26"]
[EventType "swiss (blitz)"]
[EventRounds "11"]
[EventCountry "USA"]
[SourceTitle "CBM 208 Extra"]
[Source "ChessBase"]
[SourceDate "2022.07.31"]
[SourceVersion "1"]
[SourceVersionDate "2022.07.31"]
[SourceQuality "1"]

1. e4 c5 2. Nc3 Nc6 3. g3 g6 4. Bg2 Bg7 5. d3 e6 6. f4 Nge7 7. Nf3 d5 8. e5 Rb8 9. 0-0 b5 10. Ne2 c4 11. d4 b4 12. g4 h5 13. g5 Nf5 14. h4 a5 15. Kh2 Ba6 16. c3 a4 17. Ng3 Nxg3 18. Kxg3 bxc3 19. bxc3 Qa5 20. Qc2 0-0 21. Ba3 Rfc8 22. Rab1 Bf8 23. Bxf8 Kxf8 24. Nd2 a3 25. Bf3 Ne7 26. Rfc1 Nf5+ 27. Kh3 Ne3 28. Rxb8 Rxb8 29. Rb1 Nxc2 0-1

[Event "Titled Tuesday intern op 26th Apr Late"]
[Site "Chess.com INT"]
[Date "2022.04.26"]
[Round "11"]
[White "Lopez del Alamo, Antonio"]
[Black "Aigner, Michael"]
[Result "1/2-1/2"]
[WhiteElo "2242"]
[BlackElo "1985"]
[PlyCount "119"]
[EventDate "2022.04.26"]
[EventType "swiss (blitz)"]
[EventRounds "11"]
[EventCountry "USA"]
[SourceTitle "CBM 208 Extra"]
[Source "ChessBase"]
[SourceDate "2022.07.31"]
[SourceVersion "1"]
[SourceVersionDate "2022.07.31"]
[SourceQuality "1"]

1. e4 c5 2. Nf3 Nc6 3. Bb5 g6 4. Bxc6 dxc6 5. d3 Bg7 6. h3 Nf6 7. 0-0 Nd7 8. a3 e5 9. b4 Qe7 10. Qe1 Nf8 11. Be3 Ne6 12. Qc3 Nd4 13. Bxd4 cxd4 14. Qe1 0-0 15. Nbd2 Be6 16. Nc4 Bxc4 17. dxc4 Bh6 18. Qe2 f6 19. c5 Qe6 20. Ne1 Rad8 21. Nd3 g5 22. g4 Rf7 23. f3 Bf8 24. Rfd1 h5 25. Kg2 Rh7 26. Rh1 Kg7 27. Qd2 Be7 28. Qc1 Rdh8 29. Qb2 hxg4 30. hxg4 Rxh1 31. Rxh1 Rxh1 32. Kxh1 Qg8 33. Kg2 Kf8 34. a4 Ke8 35. b5 Qe6 36. Kf2 Kd7 37. Ke2 Kc8 38. Kd2 Qc4 39. Qb3 cxb5 40. axb5 Qxb3 41. cxb3 Kc7 42. b4 a6 43. bxa6 bxa6 44. Kc2 Kc6 45. Kb3 Kb5 46. Nb2 a5 47. bxa5 Bxc5 48. Nc4 Be7 49. a6 Kxa6 50. Ka4 d3 51. Kb3 Kb5 52. Kc3 d2 53. Nxd2 Bb4+ 54. Kd3 Bxd2 55. Kxd2 Kc4 56. Kc2 Kd4 57. Kd2 Kc4 58. Kc2 Kb4 59. Kb2 Kc4 60. Kc2 1/2-1/2

[Event "Titled Tuesday intern op 19th Apr Late"]
[Site "Chess.com INT"]
[Date "2022.04.19"]
[Round "8"]
[White "Solon, Nathan"]
[Black "Aigner, Michael"]
[Result "1-0"]
[WhiteElo "2306"]
[BlackElo "1985"]
[PlyCount "95"]
[EventDate "2022.04.19"]
[EventType "swiss (blitz)"]
[EventRounds "11"]
[EventCountry "USA"]
[SourceTitle "EXT 2023"]
[Source "ChessBase"]
[SourceDate "2022.10.05"]
[SourceVersion "1"]
[SourceVersionDate "2022.10.05"]
[SourceQuality "1"]

1. e4 c5 2. d4 cxd4 3. c3 Nf6 4. e5 Nd5 5. Nf3 Nc6 6. Bc4 Nb6 7. Bb3 d6 8. exd6 Qxd6 9. 0-0 Be6 10. Bxe6 Qxe6 11. Nxd4 Nxd4 12. Qxd4 Rd8 13. Qe3 Qxe3 14. Bxe3 Nc4 15. Bxa7 Nxb2 16. Na3 Na4 17. Rab1 Nxc3 18. Rxb7 e6 19. Nc4 Nxa2 20. Ne5 Be7 21. Nc6 Rd7 22. Rb8+ Bd8 23. Bb6 0-0 24. Bxd8 Nc3 25. Bh4 Rxb8 26. Nxb8 Rd1 27. Rxd1 Nxd1 28. Nc6 f6 29. f4 Kf7 30. Be1 Ne3 31. Kf2 Nd5 32. g3 h5 33. Kf3 Kg6 34. Ke4 Nb6 35. Nd8 e5 36. fxe5 fxe5 37. Kxe5 Nc4+ 38. Kd4 Nd6 39. Ne6 Kf6 40. Nf4 g6 41. Bb4 Nf5+ 42. Ke4 Nh6 43. Bc3+ Kf7 44. Nh3 Ng4 45. Ng5+ Ke7 46. h3 Nh6 47. Kf4 Nf5 48. Nf3 1-0

[Event "Titled Tuesday intern op 22nd Feb Late"]
[Site "Chess.com INT"]
[Date "2022.02.22"]
[Round "5"]
[White "Aigner, Michael"]
[Black "Kohler, Aran"]
[Result "1-0"]
[WhiteElo "1985"]
[BlackElo "2121"]
[PlyCount "137"]
[EventDate "2022.02.22"]
[EventType "swiss (blitz)"]
[EventRounds "11"]
[EventCountry "USA"]
[SourceTitle "CBM 207 Extra"]
[Source "ChessBase"]
[SourceDate "2022.05.31"]
[SourceVersion "1"]
[SourceVersionDate "2022.05.31"]
[SourceQuality "1"]

1. e4 c6 2. Nc3 d5 3. d4 dxe4 4. Nxe4 Bf5 5. Ng3 Bg6 6. h4 h6 7. Nf3 Nd7 8. h5 Bh7 9. Bd3 Ngf6 10. Bxh7 Nxh7 11. Bd2 e6 12. Qe2 a5 13. 0-0-0 Be7 14. Ne5 Nxe5 15. dxe5 Qc7 16. f4 0-0 17. Ne4 Rad8 18. Be3 Rd5 19. c4 Rxd1+ 20. Rxd1 Rd8 21. g4 Rxd1+ 22. Qxd1 f5 23. gxf5 exf5 24. Nc5 Nf8 25. Qd3 Bxc5 26. Bxc5 Qd7 27. Kc2 Qxd3+ 28. Kxd3 Ne6 29. Be3 Kf7 30. b3 g6 31. hxg6+ Kxg6 32. Ke2 h5 33. Kf3 h4 34. Bd2 Nd4+ 35. Kg2 b6 36. Be3 c5 37. Kh3 Nc2 38. Bf2 Kf7 39. Kxh4 Ke6 40. Kg3 Nb4 41. a4 Nd3 42. Be3 Ne1 43. Kf2 Nc2 44. Ke2 Na1 45. Kd2 Nxb3+ 46. Kc3 Nd4 47. Bxd4 cxd4+ 48. Kxd4 Kd7 49. Kd5 Ke7 50. e6 Ke8 51. Ke5 Kd8 52. Kxf5 Ke7 53. Ke5 Ke8 54. f5 Ke7 55. f6+ Ke8 56. Kd5 Kd8 57. Kc6 b5 58. Kxb5 Ke8 59. Kxa5 Kf8 60. Kb6 Ke8 61. Kc7 Kf8 62. a5 Ke8 63. a6 Kf8 64. a7 Ke8 65. c5 Kf8 66. c6 Ke8 67. Kd6 Kf8 68. c7 Ke8 69. a8Q# 1-0

[Event "Titled Tuesday intern op 22nd Feb Late"]
[Site "Chess.com INT"]
[Date "2022.02.22"]
[Round "6"]
[White "Romanchuk, Viktor"]
[Black "Aigner, Michael"]
[Result "1-0"]
[WhiteElo "2266"]
[BlackElo "1985"]
[PlyCount "57"]
[EventDate "2022.02.22"]
[EventType "swiss (blitz)"]
[EventRounds "11"]
[EventCountry "USA"]
[SourceTitle "CBM 207 Extra"]
[Source "ChessBase"]
[SourceDate "2022.05.31"]
[SourceVersion "1"]
[SourceVersionDate "2022.05.31"]
[SourceQuality "1"]

1. d4 f5 2. Nc3 d5 3. f3 Nf6 4. Bg5 Nc6 5. Qd2 e6 6. e4 dxe4 7. 0-0-0 Be7 8. fxe4 Nxe4 9. Nxe4 fxe4 10. Nh3 0-0 11. Bb5 Bd7 12. Rhe1 Nb4 13. Bxe7 Qxe7 14. Bxd7 Nxa2+ 15. Kb1 Qxd7 16. Kxa2 Qa4+ 17. Kb1 Rf5 18. Re3 Raf8 19. Rde1 a6 20. Ra3 Qc6 21. Rc3 Qd6 22. Rxe4 Qxh2 23. Rxe6 h6 24. Rce3 Rf1+ 25. Re1 Qh1 26. Ka2 R8f5 27. d5 Qh2 28. Re8+ Kh7 29. Rxf1 1-0

[Event "Titled Tuesday intern op 22nd Feb Late"]
[Site "Chess.com INT"]
[Date "2022.02.22"]
[Round "7"]
[White "Winkels, Marcel"]
[Black "Aigner, Michael"]
[Result "0-1"]
[WhiteElo "1979"]
[BlackElo "1985"]
[PlyCount "26"]
[EventDate "2022.02.22"]
[EventType "swiss (blitz)"]
[EventRounds "11"]
[EventCountry "USA"]
[SourceTitle "CBM 207 Extra"]
[Source "ChessBase"]
[SourceDate "2022.05.31"]
[SourceVersion "1"]
[SourceVersionDate "2022.05.31"]
[SourceQuality "1"]

1. e4 c5 2. Nf3 Nc6 3. Bb5 g6 4. 0-0 Bg7 5. Re1 Nd4 6. Bc4 d6 7. c3 Nxf3+ 8. Qxf3 e6 9. d3 Ne7 10. Bg5 0-0 11. Bf6 Bxf6 12. Qxf6 Nc6 13. Bb3 Qxf6 0-1

[Event "Titled Tuesday intern op 09th Nov"]
[Site "Chess.com INT"]
[Date "2021.11.09"]
[Round "5"]
[White "Aigner, Michael"]
[Black "Nazaretyan, Tigran"]
[Result "0-1"]
[WhiteElo "2012"]
[BlackElo "2316"]
[PlyCount "106"]
[EventDate "2021.11.09"]
[EventType "swiss (blitz)"]
[EventRounds "11"]
[EventCountry "USA"]
[SourceTitle "CBM 205 Extra"]
[Source "ChessBase"]
[SourceDate "2022.01.31"]
[SourceVersion "1"]
[SourceVersionDate "2022.01.31"]
[SourceQuality "1"]

1. e4 c5 2. Nc3 Nc6 3. g3 g6 4. Bg2 Bg7 5. d3 Rb8 6. Be3 d6 7. f4 Nd4 8. h3 b5 9. Qd2 b4 10. Nd1 e6 11. Nf3 Ne7 12. 0-0 a5 13. Qf2 Nec6 14. g4 f5 15. c3 Nxf3+ 16. Qxf3 bxc3 17. bxc3 Ne7 18. Rc1 0-0 19. exf5 gxf5 20. g5 Bb7 21. Qf2 a4 22. h4 h6 23. Bxb7 Rxb7 24. Qg2 Nd5 25. gxh6 Kh7 26. h5 Rf6 27. c4 Bxh6 28. cxd5 Rg7 29. Rc2 exd5 30. Rff2 d4 31. Bd2 Re6 32. Kf1 Rxg2 33. Rxg2 a3 34. Rc4 Qa8 35. Rc1 Qf3+ 36. Kg1 Qxh5 37. Nf2 Re2 38. Rb1 Re7 39. Rb6 Qe2 40. Nh3 Qd1+ 41. Kh2 Rg7 42. Ng5+ Bxg5 43. fxg5 Rd7 44. g6+ Kg7 45. Rb8 Qh5+ 46. Kg1 Qh3 47. Re8 Qxd3 48. Bg5 Qd1+ 49. Kf2 Rb7 50. Re7+ Rxe7 51. Bxe7 Qd2+ 52. Kf1 Qd3+ 53. Kf2 Qe3+ 0-1

[Event "Titled Tuesday intern op 09th Nov"]
[Site "Chess.com INT"]
[Date "2021.11.09"]
[Round "11"]
[White "Simonovic, Miroslav"]
[Black "Aigner, Michael"]
[Result "0-1"]
[WhiteElo "2115"]
[BlackElo "2012"]
[PlyCount "72"]
[EventDate "2021.11.09"]
[EventType "swiss (blitz)"]
[EventRounds "11"]
[EventCountry "USA"]
[SourceTitle "CBM 205 Extra"]
[Source "ChessBase"]
[SourceDate "2022.01.31"]
[SourceVersion "1"]
[SourceVersionDate "2022.01.31"]
[SourceQuality "1"]

1. d4 f5 2. Bg5 g6 3. e3 Bg7 4. h4 c6 5. c4 d6 6. Nc3 Nd7 7. Qc2 Ngf6 8. Bd3 e5 9. dxe5 dxe5 10. 0-0-0 Qe7 11. e4 f4 12. f3 h6 13. Bxf6 Nxf6 14. Nge2 Be6 15. Kb1 0-0-0 16. g4 Nd7 17. Qa4 Kb8 18. Bc2 Nb6 19. Qa5 Nxc4 20. Qa4 b5 21. Qa6 Qb7 22. Qxb7+ Kxb7 23. Rxd8 Rxd8 24. Rd1 Rxd1+ 25. Nxd1 Nd2+ 26. Kc1 Nxf3 27. h5 g5 28. b3 Bxg4 29. Nf2 Bxh5 30. Nc3 g4 31. Bd1 g3 32. Nh3 Bg4 33. Bxf3 Bxf3 34. Ng1 Bg4 35. Kd2 h5 36. Nce2 h4 0-1

[Event "Arco op 43rd"]
[Site "Arco"]
[Date "2021.10.10"]
[Round "2"]
[White "Aigner, Michael"]
[Black "Zeller, Frank"]
[Result "0-1"]
[WhiteElo "2010"]
[BlackElo "2366"]
[PlyCount "76"]
[EventDate "2021.10.09"]
[EventType "swiss"]
[EventRounds "9"]
[EventCountry "ITA"]
[SourceTitle "CBM 204 Extra"]
[Source "ChessBase"]
[SourceDate "2021.11.30"]
[SourceVersion "1"]
[SourceVersionDate "2021.11.30"]
[SourceQuality "1"]

1. e4 e5 2. Nf3 Nc6 3. d4 exd4 4. Nxd4 Nf6 5. Nxc6 bxc6 6. e5 Qe7 7. Qe2 Nd5 8. c4 Ba6 9. b3 0-0-0 10. Bb2 Qg5 11. Nd2 Bb4 12. a3 Nf4 13. Qe3 Bxd2+ 14. Qxd2 d6 15. e6 Qg4 16. f3 Qxe6+ 17. Kf2 Qh6 18. Bc1 g5 19. h4 Rhg8 20. Kg1 Qf6 21. Ra2 Ne6 22. Bb2 Qf5 23. Bd3 Qc5+ 24. Qf2 g4 25. fxg4 Rxg4 26. Qxc5 dxc5 27. Rh3 Kb8 28. Be2 Re4 29. Bf6 Rd6 30. Rg3 Nf4 31. Rg8+ Kb7 32. Bf3 Re1+ 33. Kh2 Rxf6 34. Bg4 Ne6 35. a4 Rb1 36. Rd2 Rxb3 37. Bxe6 Rxe6 38. Rdd8 Bxc4 0-1

[Event "Online Olym Disabilities"]
[Site "Tornelo INT"]
[Date "2020.11.27"]
[Round "7.12"]
[White "Aigner, Michael"]
[Black "Barata, Adriano Albiani"]
[Result "1-0"]
[WhiteElo "2006"]
[BlackElo "2144"]
[PlyCount "63"]
[EventDate "2020.11.21"]
[EventType "team-swiss (rapid)"]
[EventRounds "7"]
[EventCountry "NET"]
[SourceTitle "CBM 199 Extra"]
[Source "ChessBase"]
[SourceDate "2021.01.31"]
[SourceVersion "1"]
[SourceVersionDate "2021.01.31"]
[SourceQuality "1"]
[WhiteTeam "United States"]
[BlackTeam "Brazil"]
[WhiteTeamCountry "USA"]
[BlackTeamCountry "BRA"]

1. e4 c5 2. Nc3 Nc6 3. g3 g6 4. Bg2 Bg7 5. d3 e5 6. Nh3 Nge7 7. f4 d6 8. 0-0 0-0 9. f5 f6 10. g4 g5 11. Nf2 Rb8 12. Be3 b5 13. Qd2 h6 14. h4 a6 15. Nh3 b4 16. Ne2 Nd4 17. Ng3 Nec6 18. Rf2 Bd7 19. Raf1 Be8 20. hxg5 hxg5 21. c3 bxc3 22. bxc3 Nb5 23. a4 Nc7 24. Bf3 Bf7 25. Bd1 Na5 26. Rh2 Qe7 27. Nxg5 fxg5 28. Bxg5 Bf6 29. Bh6 Rfd8 30. g5 Bh8 31. g6 Be8 32. Nh5 1-0

[Event "FICGS W-ch KO final email"]
[Site "FICGS email"]
[Date "2012.11.01"]
[Round "8"]
[White "Bergmann, Michael"]
[Black "Aigner, Michael"]
[Result "1-0"]
[WhiteElo "2537"]
[BlackElo "2551"]
[PlyCount "63"]
[EventDate "2012.??.??"]
[EventType "match (corr)"]
[EventRounds "3"]
[SourceTitle "Corr 2022"]
[Source "ChessBase"]
[SourceDate "2021.10.24"]
[SourceVersion "1"]
[SourceVersionDate "2021.10.24"]
[SourceQuality "1"]

1. d4 Nf6 2. c4 g6 3. Nc3 d5 4. cxd5 Nxd5 5. e4 Nxc3 6. bxc3 Bg7 7. Nf3 c5 8. Rb1 0-0 9. Be2 Nc6 10. d5 Ne5 11. Nxe5 Bxe5 12. Qd2 e6 13. f4 Bc7 14. 0-0 Ba5 15. d6 Bd7 16. Rxb7 Qc8 17. Rb2 c4 18. Kh1 Qc5 19. e5 Rab8 20. Bf3 Rb6 21. h3 Rfb8 22. Kh2 Rxb2 23. Bxb2 Rb5 24. Bc1 Bb6 25. Qc2 Kg7 26. Re1 Qc8 27. Be3 Ra5 28. Qf2 Qb8 29. Bd4 Bxd4 30. Qxd4 Qb6 31. Re4 Ra4 32. Bd1 1-0

[Event "FICGS class SM 000017 email"]
[Site "FICGS email"]
[Date "2012.07.31"]
[Round "1"]
[White "Aigner, Michael"]
[Black "Nemchenko, Valery"]
[Result "1-0"]
[WhiteElo "2576"]
[BlackElo "2516"]
[PlyCount "131"]
[EventDate "2012.??.??"]
[EventType "tourn (corr)"]
[EventRounds "6"]
[EventCategory "7"]
[SourceTitle "Corr 2022"]
[Source "ChessBase"]
[SourceDate "2021.10.24"]
[SourceVersion "1"]
[SourceVersionDate "2021.10.24"]
[SourceQuality "1"]

1. d4 Nf6 2. c4 g6 3. Nc3 Bg7 4. e4 d6 5. Nf3 0-0 6. Be2 e5 7. 0-0 Nc6 8. d5 Ne7 9. Ne1 Nd7 10. Be3 f5 11. f3 f4 12. Bf2 g5 13. Nd3 Nf6 14. c5 Ng6 15. a4 h5 16. Nb5 g4 17. Qc2 Ne8 18. Kh1 a6 19. Na3 Qg5 20. cxd6 g3 21. dxc7 h4 22. h3 gxf2 23. Nc4 Rf6 24. Rxf2 Bf8 25. Qb3 b5 26. axb5 Nxc7 27. b6 Nb5 28. Bf1 Rb8 29. Rc1 Rf7 30. Rd2 Qf6 31. Qa2 Nd6 32. b3 Rg7 33. Rdc2 Bd7 34. Qxa6 Nc8 35. d6 Nxd6 36. Qa7 Qd8 37. Nxd6 Bxd6 38. b7 Kh7 39. Qa6 Qe7 40. Rc8 Bxh3 41. Rxb8 Bxb8 42. gxh3 Qxb7 43. Qe6 Ba7 44. Nxe5 Nxe5 45. Qxe5 Qb6 46. Qf5+ Qg6 47. Bc4 Qxf5 48. exf5 Bd4 49. Rd1 Bf6 50. b4 Rc7 51. Bd5 Rc2 52. Rg1 Rb2 53. Rg6 Rb1+ 54. Kg2 Bd4 55. Be4 Ra1 56. Rg4 Ra2+ 57. Kf1 Kh8 58. b5 Rd2 59. Rg6 Bc3 60. b6 Rd1+ 61. Kg2 Rd2+ 62. Kh1 Rd1+ 63. Kh2 Rd2+ 64. Rg2 Rxg2+ 65. Kxg2 Kg7 66. Kf1 1-0

[Event "FICGS class SM 000017 email"]
[Site "FICGS email"]
[Date "2012.07.31"]
[Round "1"]
[White "Aigner, Michael"]
[Black "Zemlyanov, Sergey Mikhailovich"]
[Result "1-0"]
[WhiteElo "2576"]
[BlackElo "2308"]
[PlyCount "33"]
[EventDate "2012.??.??"]
[EventType "tourn (corr)"]
[EventRounds "6"]
[EventCategory "7"]
[SourceTitle "Corr 2022"]
[Source "ChessBase"]
[SourceDate "2021.10.24"]
[SourceVersion "1"]
[SourceVersionDate "2021.10.24"]
[SourceQuality "1"]

1. d4 Nf6 2. c4 g6 3. Nc3 Bg7 4. e4 d6 5. Nf3 0-0 6. Be2 e5 7. 0-0 Nc6 8. d5 Ne7 9. Ne1 Nd7 10. Be3 f5 11. f3 f4 12. Bf2 g5 13. Rc1 Ng6 14. Nd3 Nf6 15. c5 Rf7 16. a4 Bf8 17. a5 1-0

[Event "FICGS W-ch qf1 email"]
[Site "FICGS email"]
[Date "2012.01.01"]
[Round "1"]
[White "Aigner, Michael"]
[Black "Kruse, Herbert"]
[Result "1/2-1/2"]
[WhiteElo "2572"]
[BlackElo "2434"]
[PlyCount "81"]
[EventDate "2012.??.??"]
[EventType "match (corr)"]
[EventRounds "5"]
[SourceTitle "Corr 2022"]
[Source "ChessBase"]
[SourceDate "2021.10.24"]
[SourceVersion "1"]
[SourceVersionDate "2021.10.24"]
[SourceQuality "1"]

1. d4 Nf6 2. c4 e6 3. Nc3 Bb4 4. f3 d5 5. a3 Bxc3+ 6. bxc3 c5 7. cxd5 exd5 8. e3 c4 9. Nh3 Bxh3 10. gxh3 Nc6 11. Bg2 Na5 12. 0-0 Nb3 13. Ra2 0-0 14. e4 Qa5 15. e5 Qxc3 16. exf6 Nxc1 17. Qxc1 Qxd4+ 18. Kh1 Qxf6 19. f4 Rad8 20. Rd2 b5 21. Rxd5 Rxd5 22. Bxd5 Rd8 23. Qe3 a5 24. Qe4 c3 25. Rb1 b4 26. axb4 axb4 27. Re1 Qd6 28. Bb3 g6 29. f5 Kg7 30. Rf1 f6 31. Re1 Qd4 32. Qb7+ Rd7 33. Re7+ Rxe7 34. Qxe7+ Kh6 35. fxg6 hxg6 36. h4 Qxh4 37. Qf8+ Kg5 38. Qc5+ Kh6 39. Qf8+ Kg5 40. Qc5+ Kh6 41. Qf8+ 1/2-1/2